000 00782nam a2200205 a 4500
005 20210223121513.0
008 010313s1963 ea r 000 0 eng d
035 _aUPN01000018875
049 _aCG
050 4 _aLB1589 E6.3
_bE3.3 LMR
100 1 _aEicholz, Robert E.
_930647
245 1 0 _aElementary school mathematics :
_bgetting ready 3 /
_cRobert E. Eicholz, Phares G. O'Daffer ; consulting authors Charles F. Brumfiel, Merrill E. Shansk.
260 _aPalo Alto [E.U.A.] :
_bAddison-Wesley,
_cc1963.
300 _a48 p. :
_bil. col.
440 0 _aElementary school mathematics series
500 _a"Teacher's edition"
650 4 _aMATEMATICAS -
_xESTUDIO Y ENSEƑANZA (ELEMENTAL) -
_zESTADOS UNIDOS
_925642
700 1 _aO'Daffer, Phares G.,
_ecoaut.
_929745
905 _aLibro
999 _c18875
_d18875